Les pays colonisés ou occupés par la France - Statistiques

Statistiques générales
  • Ce quiz a été pris 868 fois
    744 depuis la dernière actualisation
  • Le résultat moyen est 47 sur 70
Statistiques - réponses
Continent Pays % Correct
Afrique Algérie
96%
Europe Allemagne
94%
Europe Belgique
93%
Europe Espagne
92%
Afrique Maroc
92%
Europe Italie
91%
Amérique Canada
89%
Europe Suisse
87%
Afrique Tunisie
87%
Afrique Mali
84%
Afrique Sénégal
84%
Asie Viêt Nam
84%
Europe Autriche
83%
Afrique Congo
83%
Europe Pays-Bas
83%
Europe Pologne
83%
Europe Portugal
83%
Europe Andorre
79%
Europe Luxembourg
78%
Europe Monaco
76%
Europe Danemark
75%
Asie Cambodge
74%
Afrique Cameroun
74%
Asie Laos
74%
Afrique Niger
74%
Afrique Côte d'Ivoire
73%
Europe Albanie
72%
Europe Croatie
72%
Europe Hongrie
72%
Europe Slovénie
72%
Afrique Togo
72%
Amérique Haïti
71%
Afrique Mauritanie
71%
Europe Slovaquie
71%
Afrique Bénin
69%
Afrique Guinée
69%
Amérique Etats-Unis
68%
Afrique Madagascar
68%
Afrique Tchad
68%
Afrique Gabon
67%
Europe Serbie
67%
Europe Vatican
67%
Asie Inde
66%
Europe Bosnie-Herzégovine
65%
Afrique Burkina Faso
64%
Europe République Tchèque
64%
Europe Roumanie
62%
Europe Saint-Marin
62%
Asie Liban
60%
Afrique Libye
59%
Afrique Centrafrique
58%
Afrique Djibouti
57%
Afrique Comores
56%
Amérique République dominicaine
56%
Afrique Maurice
55%
Asie Syrie
55%
Europe Biélorussie
54%
Europe Monténégro
54%
Europe Lituanie
50%
Europe Liechtenstein
49%
Europe Lettonie
47%
Afrique Seychelles
46%
Amérique Dominique
43%
Amérique Antigua-et-Barbuda
39%
Océanie Vanuatu
39%
Amérique Grenade
37%
Amérique Suriname
31%
Amérique Trinité-et-Tobago
29%
Afrique Sao Tomé-et-Principe
25%
Amérique Saint-Christophe-et-Niévès
24%
Aucun quiz correspondant
Distribution des résultats
% des personnes avec chaque résultat
Percentile par nombre de réponses
Votre historique - résultats
Vous n’avez pas pris ce quiz depuis la dernière actualisation